Psicología industrial, su aplicación al personal de empresas / Edwin E. Ghilelli, Clarence W. Brown
Descripción Física:
492 p. ; 24 cm
Otros Autores:
Brown, Clarence
Materias:
Indústria -- Aspectes socials
MARC
| LEADER | 00000nam a2200000Ia 4500 | ||
|---|---|---|---|
| 001 | 17268 | ||
| 008 | 160829s1959 xx 000 0 cat d | ||
| 080 | |a E-1-247 | ||
| 100 | |a Ghiselli, Edwin E. |9 27224 | ||
| 245 | |a Psicología industrial, su aplicación al personal de empresas / Edwin E. Ghilelli, Clarence W. Brown | ||
| 260 | |a México : |b Letras, |c 1959 | ||
| 300 | |a 492 p. ; |c 24 cm | ||
| 590 | |a Prové de l'Institut de Psicologia Aplicada | ||
| 650 | |a Indústria |x Aspectes socials |9 27225 | ||
| 700 | |a Brown, Clarence |9 27226 | ||
| 901 | |a Arxiu | ||
| 942 | |n 1 | ||
| 952 | |0 0 |1 0 |4 0 |6 E1247 |7 1 |9 44318 |a Arxiu |b Arxiu |d 2016-12-01 |l 0 |o E-1-247 |p 17268 |r 2016-12-01 00:00:00 |w 2016-12-01 |y ARXIU | ||
| 999 | |c 46898 |d 46898 | ||